Skillet Discography - Statistics

General Stats
  • This quiz has been taken 10 times
  • The average score is 42 of 115
Answer Stats
Hint Answer % Correct
Awake Awake and Alive
100%
Awake Monster
100%
Comatose Comatose
88%
Awake Hero
88%
Awake It's Not Me It's You
88%
Awake Lucy
88%
Rise Rise
88%
Unleashed Stars
88%
Alien Youth Alien Youth
75%
Rise American Noise
75%
Awake Believe
75%
Collide Collide
75%
Unleashed Feel Invincible
75%
Hey You, I Love Your Soul Hey You, I Love Your Soul
75%
Invincible Invincible
75%
Unleashed Lions
75%
Awake Never Surrender
75%
Rise Sick Of It
75%
Rise What I Believe
75%
Comatose Whispers in the Dark
75%
Rise Circus For A Psycho
63%
Comatose Falling Inside the Black
63%
Awake One Day Too Late
63%
Comatose Rebirthing
63%
Collide Savior
63%
Comatose The Last Night
63%
Invincible The One
63%
Unleashed The Resistance
63%
Comatose Better Than Drugs
50%
Awake Don't Wake Me
50%
Unleashed Famous
50%
Awake Forgiven
50%
Skillet Gasoline
50%
Unleashed I Want to Live
50%
Rise My Religion
50%
Rise Not Gonna Die
50%
Unleashed Out of Hell
50%
Rise Salvation
50%
Unleashed Saviors of the World
50%
Awake Should've When You Could've
50%
Awake Sometimes
50%
Comatose Those Nights
50%
Unleashed Undefeated
50%
Unleashed Watching for Comets
50%
Comatose Yours to Hold
50%
Unleashed Back From the Dead
38%
Unleashed Brave
38%
Unleashed Breaking Free
38%
Awake Dead Inside
38%
Rise Fire And Fury
38%
Rise Good To Be Alive
38%
Rise Hard To Find
38%
Skillet I Can
38%
Comatose Looking for Angels
38%
Rise Madness In Me
38%
Collide Open Wounds
38%
Skillet Saturn
38%
Unleashed Set It Off
38%
Alien Youth Vapor
38%
Awake Would It Matter
38%
Unleashed You Get Me High
38%
Collide A Little More
25%
Rise Battle Cry
25%
Unleashed Burn it Down
25%
Alien Youth Earth Invasion
25%
Collide Energy
25%
Rise Everything Goes Black
25%
Collide Fingernails
25%
Rise Freakshow
25%
Alien Youth Kill Me, Heal Me
25%
Skillet My Beautiful Robe
25%
Skillet Promise Blender
25%
Invincible Rest
25%
Unleashed Stay Til The Daylight
25%
Comatose The Older I Get
25%
Invincible Angels Fall Down
13%
Invincible Best Kept Secret
13%
Collide Cycle Down
13%
Collide Forsaken
13%
Collide Imperfection
13%
Hey You, I Love Your Soul Locked In A Cage
13%
Collide My Obsession
13%
Skillet Paint
13%
Skillet Safe With You
13%
Comatose Say Goodbye
13%
Hey You, I Love Your Soul Scarecrow
13%
Skillet Splinter
13%
Alien Youth Stronger
13%
Hey You, I Love Your Soul Take
13%
Invincible The Fire Breathes
13%
Collide Under My Skin
13%
Invincible You're In My Brain
13%
Invincible You're Powerful
13%
Invincible You Take My Rights Away
13%
Skillet Boundaries
0%
Alien Youth Come My Way
0%
Invincible Come On To The Future
0%
Hey You, I Love Your Soul Coming Down
0%
Hey You, I Love Your Soul Deeper
0%
Hey You, I Love Your Soul Dive Over In
0%
Invincible Each Other
0%
Alien Youth Eating Me Away
0%
Invincible I Trust You
0%
Hey You, I Love Your Soul More Faithful
0%
Alien Youth One Real Thing
0%
Hey You, I Love Your Soul Pour
0%
Alien Youth Rippin' Me Off
0%
Invincible Say It Loud
0%
Hey You, I Love Your Soul Suspended In You
0%
Alien Youth The Thirst Is Taking Over
0%
Hey You, I Love Your Soul Whirlwind
0%
Alien Youth Will You Be There (Falling Down)
0%
Alien Youth You Are My Hope
0%
Hey You, I Love Your Soul Your Love (Keeps Me Alive)
0%
Skillet You Thought
0%
No matching quizzes found
Score Distribution
Percent of People with Each Score
Percentile by Number Answered
Your Score History
You have not taken this quiz